Comparative political systems: studies in the politics of pre-industrial societies (Record no. 38026)

MARC details
000 -LEADER
fixed length control field 00654nam a2200169 a 4500
008 - FIXED-LENGTH DATA ELEMENTS--GENERAL INFORMATION
fixed length control field 120416s1967 ||||||||||||||||| || u
050 ## - LIBRARY OF CONGRESS CALL NUMBER
Classification number GN 492 Con
100 ## - MAIN ENTRY--PERSONAL NAME
Personal name Cohen, Ronald
245 10 - TITLE STATEMENT
Title Comparative political systems: studies in the politics of pre-industrial societies
Statement of responsibility, etc. edited by Ronald Cohen
260 ## - PUBLICATION, DISTRIBUTION, ETC.
Place of publication, distribution, etc. New York
Name of publisher, distributor, etc. The Natural History Press
Date of publication, distribution, etc. 1967
300 ## - PHYSICAL DESCRIPTION
Extent xiv, 512p. : ill.
350 ## - PRICE (NR) (BK AM CF MU VM SE) [OBSOLETE]
Price 0.00
650 ## - SUBJECT ADDED ENTRY--TOPICAL TERM
Topical term or geographic name entry element POLITICS
650 ## - SUBJECT ADDED ENTRY--TOPICAL TERM
Topical term or geographic name entry element Political systems
700 ## - ADDED ENTRY--PERSONAL NAME
Personal name Middleton, John
995 ## - RECOMMENDATION 995 [LOCAL, UNIMARC FRANCE]
-- 0.00
-- CBU-MAIN LIBRARY (Kitwe)
-- 1
-- 10.95
-- 1
-- AVAILABLE
-- Main Library Open Access Collection
Holdings
Withdrawn status Lost status Source of classification or shelving scheme Damaged status Not for loan Home library Current library Shelving location Date acquired Total Checkouts Full call number Barcode Date last seen Price effective from Koha item type
          CBU-MAIN LIBRARY, KITWE. CBU-MAIN LIBRARY, KITWE.   11/30/2022   GN 492 Con 000660 11/30/2022 11/30/2022 MONOGRAPH